Statistics for Megacities Of The Americas

Click here to take the quiz!

General Stats

  • This quiz has been taken 43 times
  • The average score is 8 of 8

Answer Stats

PopAnswer% Correct
19 millLos Angeles
100%
24 millNew York
100%
21 millSao Paulo
100%
10 millLima
97%
21 millMexico City
97%
10 millBogota
95%
13 millRio De Janeiro
95%
14 millBuenos Aires
92%

Score Distribution

Percentile by Number Answered

Percent of People with Each Score

Your Score History

You have not taken this quiz